MARC

LEADER 00000nam0a2200000 4500
001 322475
005 20231102003458.0
035 |a (RuTPU)RU\TPU\book\348034 
090 |a 322475 
100 |a 20160928d1939 km y0rusy50 ca 
101 0 |a rus 
102 |a UA 
105 |a a j 001zy 
200 1 |a Обслуживание и ремонт шахтных механизмов  |e учебник  |f П. М. Шилов 
210 |a Харьков  |c Государственное научно-техническое издательство Украины  |d 1939 
215 |a 431 с.  |c ил. 
320 |a Библиогр.: с. 428 
606 1 |a Горные машины  |x Ремонт  |2 stltpush  |3 (RuTPU)RU\TPU\subj\7866  |9 35390 
610 1 |a шахтные механизмы 
610 1 |a шахтное оборудование 
610 1 |a обслуживание 
610 1 |a рудничные электровозы 
610 1 |a отбойные молотки 
610 1 |a врубовые машины 
610 1 |a шахтные вентиляторы 
610 1 |a детали машин 
610 1 |a учебники 
675 |a 622.002.5.004(075)  |v 4 
700 1 |a Шилов  |b П. М. 
801 1 |a RU  |b 63413507  |c 20160928 
801 2 |a RU  |b 63413507  |c 20191217  |g RCR 
942 |c BK